000 nam a22 a 4500
999 _c147876
_d147876
003 BLK
005 20230201171231.0
008 180410b bul|||||r ||||||| ||bul||
010 _aKNG00154095000
040 _aBLK
041 _aBUL
_cBUL
080 _aРуска литература
_b821.161.1
_x-93-34
_z821.161.1-93-34
080 _aЕстонска литература
_b821.511.113
_x-93-34
_z821.511.113-93-34
100 1 _aПук, Холгер
_eпърви автор
_9113364
139 _aПук, Холгер
_bП 93
245 1 0 _aТака решило агънцето
_bПриказки за нач. училищна възраст
_cХолгер Пук; ил. Алекси Начев; прев. от рус. Румен Димитров.
257 _aEST
260 _aСофия
_bБълг. художник
_c1985
300 _a48 с.
_bс цв. ил.
_c24 см
380 _aDX
500 _aОриг. загл. на ест. ез. ; Прев. от рус. изд. Зерно мудрости. - Офс. изд, - 40 120 тир.
653 _aдетска литература
653 _aлитература за деца
700 1 _aНачев, Алекси
_eил.
_9379213
700 1 _aДимитров, Румен
_eпрев. от рус.
_9364970
852 _aЦб 265697
856 4 _qpdf
_i0.76
_ldisable
856 4 _qpdf
_i0.76
_ldisable
942 _cKNG
_n0
_s1
944 _aCR
_c29.11.2013
_l29.11.2013 - от С1,Р / 29.11.2013
_kЦветелин_Руменов
944 _aED
_c27.09.2017
_l29.11.2013 - от С1,Р / 29.11.2013
_kКети_Илиева
999 _d147876